000 00780nam a2200217 a 4500
003 0
005 20250410084101.0
008 970101s19uu xx 00 eng d
050 _aPGS LB 3013
_b.Y25 2004
100 _aYap, Reyeanne D.
245 _aPerception of grade school teachers on classroom discipline /
_cReyeanne D. Yap.
260 _aLas PiƱas City, Philippines :
_bSouthville International School and Colleges,
_c2004.
300 _a20 pages :
_billustrations ;
_c28 cm.
504 _aIncludes bibliographical references.
650 _aClassroom management.
650 _aSchool discipline.
650 _aElementary school teachers
_vAttitudes.
650 _aTeacher-student relationships.
650 _aDiscipline of children.
942 _2lcc
_cPASS
999 _c97071
_d97071